Inter cives necnon peregrinos: essays in honour of Boudewijn Sirks

Saved in:
Bibliografiske detaljer
Main Authors: Hallebeek, Jan (Author), Schermaier, Martin (Author), Fiori, Roberto (Author), Metzger, Ernest (Author), Coriat, Jean-Pierre (Author)
Format: Bog
Sprog:latin
Udgivet: Berlín V and R Unipress 2014
Udgivelse:1a. ed
Fag:
Tags: Tilføj Tag
Ingen Tags, Vær først til at tagge denne postø!

MARC

LEADER 00000cam a2200000 a 4500
001 UCD7377
003 CL-VaPUC
008 170317e20140000gw |||||||||||||||||lat|d
020 |a 9783847103028 
082 0 4 |a 340.54  |b HAL  |2 21 
100 0 |a Hallebeek, Jan  |e author  |9 591388 
700 0 |a Schermaier, Martin  |e author  |9 591389 
700 0 |a Fiori, Roberto  |e author  |9 591390 
700 0 |a Metzger, Ernest  |e author  |9 591391 
700 0 |a Coriat, Jean-Pierre  |e author  |9 591392 
245 1 0 |a Inter cives necnon peregrinos: essays in honour of Boudewijn Sirks 
250 |a 1a. ed 
300 |a 856 p 
942 |c BK 
945 |d 20170317 22:16:00  |a arojas 
260 |a Berlín  |b V and R Unipress  |c 2014 
650 0 |a Historia del derecho  |9 255109 
650 0 |a Derecho romano  |9 255930 
650 0 |a Ensayos  |9 268724 
583 |a last modification  |c 20170317 22:16:00  |k Rodrigo Vera 
999 |c 367438  |d 367436 
952 |0 0  |1 0  |3 erd  |4 0  |6 340_540000000000000_HAL_2014  |7 0  |8 DER_ROM  |9 482306  |a BIBDER  |b BIBDER  |i 536731K  |o 340.54 HAL 2014  |p 536731K  |r 2023-01-25  |w 2019-11-24  |x Ubicación 4to piso  |y BK  |z Este recurso debe solicitarse con anticipación  |k DER